00714nam a2200229Ia 4500003000400000005001700004006001800021007000300039008004100042024001000083037001800093040001800111041001300129100002300142110009600165245006700261260000900328650002000337700009600357942001200453999001900465OSt20220930204115.0a|||||r|||| 00| 0ta220926b |||||||| |||| 00| 0 eng d a81364 cDissertations aCRLcCRLbeng 2engaeng aTripathy A9566638 aUniversity of Delhi. Faculty of Arts. Department of Library and Information Science9519370 0aEvaluation of Indian reference sources in Delhi Public Library c1973 aLIBRARY SCIENCE aUniversity of Delhi. Faculty of Arts. Department of Library and Information Science9519372 cDIS2CC c905591d905591